Ideas and opinions (Record no. 399510)

000 -LEADER
fixed length control field 00355cam a22001337a 4500
008 - FIXED-LENGTH DATA ELEMENTS--GENERAL INFORMATION
fixed length control field 180718b2002 xxu||||| |||| 00| 0 eng d
020 ## - INTERNATIONAL STANDARD BOOK NUMBER
International Standard Book Number 0285647253
082 ## - DEWEY DECIMAL CLASSIFICATION NUMBER
Classification number A99 Ei68
100 ## - MAIN ENTRY--PERSONAL NAME
Personal name Einstein, Albert
245 ## - TITLE STATEMENT
Title Ideas and opinions
Statement of responsibility, etc. by Albert Einstein
260 ## - PUBLICATION, DISTRIBUTION, ETC.
Place of publication, distribution, etc. New Delhi
Name of publisher, distributor, etc. Rupa
Date of publication, distribution, etc. 2002
300 ## - PHYSICAL DESCRIPTION
Extent 377p.
650 ## - SUBJECT ADDED ENTRY--TOPICAL TERM
Topical term or geographic name entry element Einstein, Albert, 1879 - 1955
Holdings
Withdrawn status Lost status Damaged status Not for loan Permanent Location Current Location Date acquired Full call number Barcode Date last seen Price effective from Koha item type
        Indian Institute of Public Administration Indian Institute of Public Administration 2002-04-09 A99 Ei68 77493 2018-07-21 2018-07-21 Book

Powered by Koha